| 000 | 00368nam a2200145 a 4500 | ||
|---|---|---|---|
| 005 | 20140414131936.0 | ||
| 008 | 110119s19uu xx 00 eng d | ||
| 050 |
_aREF 621.8 _bP22 2006 |
||
| 100 | _aParker, Steve | ||
| 245 | _aBody atlas nerves brain and senses. | ||
| 260 |
_bWS Pacific, _c2006. |
||
| 650 | _aNervous system | ||
| 650 | _aSenses | ||
| 999 |
_c112440 _d112440 |
||